000 00679nam a2200229 a 4500
005 20210219153006.0
008 991125n 000 0 u
035 _aUPN01000071758
100 _aJAIMES, Amilcar
222 _aEDUCACION :
_bREVISTA DEL CONSEJO NACIONAL TECNICO DE LA EDUCACION
245 _aDesarrollo, crecimiento demográfico y educación
300 _a33-50
362 _a1975 3ê época, vol. 3, no. 11 ene.-feb.
653 0 _aDEMOGRAFIA
653 0 _aDESARROLLO ECONOMICO
653 0 _aECONOMIA EDUCATIVA
653 0 _aPAISES DESARROLLADOS
653 0 _aPAISES EN DESARROLLO
653 0 _aPOBLACION
904 _aAC
_b009569
905 _aArticulo
999 _c65692
_d65692